Odd One Out - Bilder - Statistiken

Allgemein
  • Dieses Quiz wurde 63 mal gespielt
  • Das Durchschnittsergebnis liegt bei 7 aus 15
Antwortstatistiken
Frage Antwort % Korrekt
Welcher dieser Vögel IST flugfähig?
83%
Welches der folgenden Fotos zeigt KEIN Beatles-Mitglied?
68%
Welches der folgenden Bilder zeigt keine Pflanze?
64%
Welche dieser Tiere ist KEIN Säugetier?
61%
Welcher dieser Sportler hält KEINEN Weltrekord (Stand: Juni 2025)?
56%
Welches dieser Stadien hat ein Fassungsvermögen von weniger als 80.000 Zuschauern?
49%
Welche dieser Städte liegt NICHT in Deutschland?
47%
Welches dieser Bauwerke STEHT als einziges in der Hauptstadt des jeweiligen Landes?
46%
Welches dieser Bilder zeigt NICHT New York.
42%
Welches dieser Wappen ist KEIN Wappen eines europäischen Fußballvereins?
42%
Welcher dieser Berge liegt NICHT in den Alpen.
36%
Welcher dieser Politiker ist NICHT das offizielle Staatsoberhaupt des jeweiligen Landes (Stand: Juni 2025)?
34%
Welcher der folgenden Filme hat KEINEN Oscar gewonnen?
32%
Welcher dieser Promis IST in den Vereinigten Staaten geboren?
31%
Welche der folgenden ist KEINE der zehn größten Wüsten der Welt?
27%
Keine übereinstimmenden Quizze gefunden
Verteilung der Resultate
Anzahl Personen mit jedem Resultat
Perzentil nach korrekt beantworteten Fragen
Ihre Resultats-Entwicklung
Sie haben dieses Quiz noch nicht gespielt